Sports Quiz

Random Sports or NCAA Quiz

NCAA Helmets II Quiz Stats

 Plays Quiz Updated Sep 1, 2016

Score 0/24 Timer 05:00
4 Plays Today
Team % Correct
North Carolina Tar Heels
95.2%
Miami (FL) Hurricanes
93.8%
Virginia Cavaliers
92%
Texas Tech Red Raiders
91.9%
USC Trojans
90.9%
Kansas State Wildcats
88.5%
Notre Dame Fighting Irish
88.4%
Minnesota Golden Gophers
87%
Memphis Tigers
85%
Alabama Crimson Tide
84.5%
South Carolina Gamecocks
84.5%
Cincinnati Bearcats
84.3%
Team % Correct
South Florida Bulls
82.5%
North Carolina State Wolfpack
81.9%
Washington State Cougars
75.8%
Fresno State Bulldogs
75.7%
Southern Methodist Mustangs
73.1%
Colorado State Rams
73.1%
Penn State Nittany Lions
72.3%
Kent State Golden Flashes
72.1%
Wyoming Cowboys
71.2%
Ball State Cardinals
66.9%
Nevada Wolf Pack
57.2%
Louisiana-Monroe Warhawks
21.7%

You're not logged in!

Compare scores with friends on all Sporcle quizzes.
OR
Log In

Sporcle TV

Today on Sporcle TV


Watch our educational content, quiz creation guides, and fun videos on Sporcle TV.

Show Comments

Extras

Top Quizzes Today


Score Distribution

Your Account Isn't Verified!

In order to create a playlist on Sporcle, you need to verify the email address you used during registration. Go to your Sporcle Settings to finish the process.

Report this User

Report this user for behavior that violates our Community Guidelines.

Details: